A Tolnai-saját

Elmentve itt :
Bibliográfiai részletek
Szerző: Bencsik Orsolya
Dokumentumtípus: Cikk
Megjelent: 2013
Sorozat:EX SYMPOSION: IRODALOM MŰVÉSZET FILOZÓFIA REFLEXIÓ 21 No. 83
Tárgyszavak:
mtmt:3083071
Online Access:http://publicatio.bibl.u-szeged.hu/8917
LEADER 00899nab a2200217 i 4500
001 publ8917
005 20220926090737.0
008 170428s2013 hu o 0|| magyar d
022 |a 1215-7546 
024 7 |a 3083071  |2 mtmt 
040 |a SZTE Publicatio Repozitórium  |b hun 
041 |a magyar 
100 1 |a Bencsik Orsolya 
245 1 2 |a A Tolnai-saját  |h [elektronikus dokumentum] /  |c  Bencsik Orsolya 
260 |c 2013 
300 |a 48-49 
490 0 |a EX SYMPOSION: IRODALOM MŰVÉSZET FILOZÓFIA REFLEXIÓ  |v 21 No. 83 
650 4 |a Nyelvek és irodalom 
856 4 0 |u http://publicatio.bibl.u-szeged.hu/8917/1/exsymposion_hu_index_php_tbid_article_page__surfer_csa_load_1_u.pdf  |z Dokumentum-elérés  
856 4 0 |u http://publicatio.bibl.u-szeged.hu/8917/8/2013__tolnai-otto__ban-andras___01.pdf  |z Dokumentum-elérés  
856 4 0 |u http://publicatio.bibl.u-szeged.hu/8917/7/Ex_Symposion.pdf  |z Dokumentum-elérés